| 000 | 00358nam a22001337a 4500 | ||
|---|---|---|---|
| 082 |
_a796.3578 _bFEI |
||
| 100 |
_aFeigner, Eddie _945911 |
||
| 245 | _aRules & tips of Soft Ball | ||
| 260 |
_aLahore _bBall association of lahore div. |
||
| 300 |
_aVarious pages. _bill. |
||
| 526 |
_a0 _b0 _c0 _d796_357800000000000_FEI |
||
| 650 |
_aMCE _9379 |
||
| 942 |
_2ddc _cBK |
||
| 999 |
_c549312 _d549312 |
||